[Event "Wch Seniors 50 31st"]
[Site "Terassini"]
[Date "2023.10.27"]
[Round "3"]
[White "Sturua, Zurab"]
[Black "Lasinskas, Povilas"]
[Result "1-0"]
[WhiteElo "2514"]
[BlackElo "2143"]
[PlyCount "51"]
[EventDate "2023.10.25"]
[EventType "swiss"]
[EventRounds "11"]
[EventCountry "ITA"]
[SourceTitle "Mega2024 Update 01"]
[Source "Chessbase"]
[SourceDate "2023.11.12"]
[SourceVersion "1"]
[SourceVersionDate "2023.11.12"]
[SourceQuality "1"]

1. d4 Nf6 2. c4 e6 3. Nc3 Bb4 4. e3 0-0 5. Nge2 b6 6. a3 Be7 7. e4 d6 8. Ng3 c5 9. d5 exd5 10. cxd5 Nbd7 11. Be2 Ne8 12. 0-0 g6 13. Bh6 Ng7 14. f4 a6 15. a4 Qc7 16. Kh1 Rb8 17. e5 dxe5 18. Nce4 Bd6 19. f5 f6 20. Bg4 Ne8 21. fxg6 hxg6 22. Be6+ Kh7 23. Qg4 Kxh6 24. Nf5+ gxf5 25. Rxf5 Ng7 26. Ra3 1-0

[Event "EU-ch Seniors 50 22nd"]
[Site "Acqui Terme"]
[Date "2023.06.02"]
[Round "8"]
[White "Sturua, Zurab"]
[Black "Dishman, Stephen"]
[Result "1/2-1/2"]
[WhiteElo "2518"]
[BlackElo "2259"]
[PlyCount "62"]
[EventDate "2023.05.26"]
[EventType "swiss"]
[EventRounds "9"]
[EventCountry "ITA"]
[SourceTitle "CBM 214 Extra"]
[Source "ChessBase"]
[SourceDate "2023.07.31"]
[SourceVersion "1"]
[SourceVersionDate "2023.07.31"]
[SourceQuality "1"]

1. c4 c6 2. Nf3 d5 3. d4 Nf6 4. Qc2 g6 5. Bf4 Bg7 6. e3 0-0 7. Nc3 c5 8. dxc5 Qa5 9. Nd4 dxc4 10. Bxc4 Qxc5 11. Ncb5 Na6 12. 0-0 e5 13. Nb3 Qe7 14. Bg5 Be6 15. Rfc1 Nb4 16. Qe4 Bxc4 17. Rxc4 Nc6 18. Qh4 e4 19. Nc3 Qe6 20. Ra4 b6 21. h3 a5 22. Nd4 Nxd4 23. Rxd4 Rac8 24. Rad1 Rc6 25. Rd8 h5 26. Qf4 Nh7 27. Rxf8+ Nxf8 28. Bh6 Be5 29. Qh4 Bf6 30. Qf4 Be5 31. Qh4 Bf6 1/2-1/2

[Event "Yerevan Margaryan Memorial GM"]
[Site "Yerevan"]
[Date "2023.01.15"]
[Round "9"]
[White "Sturua, Zurab"]
[Black "Ohanyan, Emin"]
[Result "1-0"]
[WhiteElo "2521"]
[BlackElo "2384"]
[PlyCount "83"]
[EventDate "2023.01.08"]
[EventType "tourn"]
[EventRounds "9"]
[EventCountry "ARM"]
[EventCategory "9"]
[SourceTitle "CBM 212 Extra"]
[Source "ChessBase"]
[SourceDate "2023.03.31"]
[SourceVersion "1"]
[SourceVersionDate "2023.03.31"]
[SourceQuality "1"]

1. c4 Nf6 2. Nc3 e5 3. Nf3 Nc6 4. g3 Bb4 5. Bg2 0-0 6. 0-0 Re8 7. Nd5 Bc5 8. e3 e4 9. Ng5 Nxd5 10. Nxe4 Rxe4 11. cxd5 Re8 12. dxc6 dxc6 13. d4 Bb6 14. Bd2 Bf5 15. Bc3 Qd7 16. Re1 Rad8 17. a4 a6 18. a5 Ba7 19. Qb3 Rb8 20. Rad1 Bg4 21. Rd2 Qf5 22. d5 cxd5 23. Rxd5 Qe6 24. Qa4 Qg6 25. Qf4 h6 26. Qxc7 Be6 27. Rd2 Rec8 28. Qf4 Rc4 29. Qd6 Rf8 30. Bxb7 Bb8 31. Qd3 Qg5 32. Bd5 Rg4 33. f4 Qh5 34. Bxe6 fxe6 35. Qxa6 Qg6 36. Qd3 Rf5 37. Qe4 Kh7 38. Rd8 Bxf4 39. exf4 Rgxf4 40. Qa8 Qg4 41. Rh8+ Kg6 42. Qe8+ 1-0

[Event "Yerevan Margaryan Memorial GM"]
[Site "Yerevan"]
[Date "2023.01.10"]
[Round "4"]
[White "Sturua, Zurab"]
[Black "Shahinyan, David"]
[Result "0-1"]
[WhiteElo "2521"]
[BlackElo "2432"]
[PlyCount "82"]
[EventDate "2023.01.08"]
[EventType "tourn"]
[EventRounds "9"]
[EventCountry "ARM"]
[EventCategory "9"]
[SourceTitle "CBM 212 Extra"]
[Source "ChessBase"]
[SourceDate "2023.03.31"]
[SourceVersion "1"]
[SourceVersionDate "2023.03.31"]
[SourceQuality "1"]

1. Nf3 g6 2. d4 Nf6 3. g3 Bg7 4. Bg2 0-0 5. 0-0 d6 6. a4 Nbd7 7. Nc3 e5 8. e4 exd4 9. Nxd4 Re8 10. Nb3 a5 11. h3 Nb6 12. Re1 c6 13. Rb1 Qc7 14. Bf4 Nc4 15. Nd2 Ne5 16. Be3 b6 17. f4 Ned7 18. Nc4 Bf8 19. Bf2 Ba6 20. Qd4 Rab8 21. Bf1 Re6 22. Nd2 Bxf1 23. Kxf1 Bg7 24. Qc4 Nc5 25. Bxc5 bxc5 26. Nf3 Nh5 27. Kg2 Rb4 28. Qa6 Qb8 29. Nd1 Rbxe4 30. Rxe4 Rxe4 31. Nf2 Rb4 32. Qxc6 Rb6 33. Qd5 Nf6 34. Qd2 Qa8 35. b3 Nd5 36. Qe1 Bc3 37. Qe4 Rb4 38. Qe2 Rxf4 39. Nd3 Rf6 40. Kh2 Re6 41. Qf2 Qe8 0-1

[Event "Almaty Academy GM2 12"]
[Site "Almaty"]
[Date "2022.12.21"]
[Round "7"]
[White "Sturua, Zurab"]
[Black "Brunello, Sabino"]
[Result "1/2-1/2"]
[WhiteElo "2528"]
[BlackElo "2519"]
[PlyCount "23"]
[EventDate "2022.12.16"]
[EventType "tourn"]
[EventRounds "9"]
[EventCountry "KAZ"]
[EventCategory "8"]
[SourceTitle "CBM 211 Extra"]
[Source "ChessBase"]
[SourceDate "2023.01.31"]
[SourceVersion "1"]
[SourceVersionDate "2023.01.31"]
[SourceQuality "1"]

1. d4 Nf6 2. c4 e6 3. Nf3 d5 4. Nc3 Bb4 5. Bg5 h6 6. Bxf6 Qxf6 7. e3 0-0 8. Rc1 dxc4 9. Bxc4 c5 10. 0-0 cxd4 11. Nxd4 Bd7 12. Qb3 1/2-1/2

[Event "Almaty Academy GM2 12"]
[Site "Almaty"]
[Date "2022.12.20"]
[Round "6"]
[White "Lintchevski, Daniil"]
[Black "Sturua, Zurab"]
[Result "1/2-1/2"]
[WhiteElo "2548"]
[BlackElo "2528"]
[PlyCount "23"]
[EventDate "2022.12.16"]
[EventType "tourn"]
[EventRounds "9"]
[EventCountry "KAZ"]
[EventCategory "8"]
[SourceTitle "CBM 211 Extra"]
[Source "ChessBase"]
[SourceDate "2023.01.31"]
[SourceVersion "1"]
[SourceVersionDate "2023.01.31"]
[SourceQuality "1"]

1. e4 e5 2. Nf3 Nc6 3. d4 exd4 4. Nxd4 Nf6 5. Nxc6 bxc6 6. Nd2 d5 7. exd5 cxd5 8. Bb5+ Bd7 9. Bxd7+ Qxd7 10. 0-0 Be7 11. b3 0-0 12. Qf3 1/2-1/2

[Event "Almaty Academy GM2 12"]
[Site "Almaty"]
[Date "2022.12.18"]
[Round "4"]
[White "Sadubayev, Airat"]
[Black "Sturua, Zurab"]
[Result "1/2-1/2"]
[WhiteElo "2315"]
[BlackElo "2528"]
[PlyCount "143"]
[EventDate "2022.12.16"]
[EventType "tourn"]
[EventRounds "9"]
[EventCountry "KAZ"]
[EventCategory "8"]
[SourceTitle "CBM 211 Extra"]
[Source "ChessBase"]
[SourceDate "2023.01.31"]
[SourceVersion "1"]
[SourceVersionDate "2023.01.31"]
[SourceQuality "1"]

1. e4 e5 2. Nf3 Nc6 3. Bc4 Bc5 4. c3 Nf6 5. d4 exd4 6. e5 d5 7. Bb5 Ne4 8. cxd4 Bb6 9. Nc3 0-0 10. Be3 Bg4 11. h3 Bh5 12. Qc2 Bg6 13. Qb3 Ne7 14. 0-0 c6 15. Bd3 Nd2 16. Bxd2 Bxd3 17. Rfe1 Nf5 18. Nxd5 Qxd5 19. Qxd3 Nxd4 20. Bc3 Nxf3+ 21. Qxf3 Qxf3 22. gxf3 Rad8 23. Rad1 Rxd1 24. Rxd1 Rd8 25. Rxd8+ Bxd8 26. f4 g6 27. Kg2 Kf8 28. Kf3 Ke7 29. Ke4 Ke6 30. f3 f5+ 31. Ke3 Kd5 32. b3 b5 33. Bd2 c5 34. Kd3 a6 35. Bc1 h6 36. Bd2 g5 37. Be3 gxf4 38. Bxf4 Bg5 39. Bg3 f4 40. Bf2 Bd8 41. Kc2 Be7 42. Be1 Kxe5 43. Bc3+ Kd5 44. Bg7 h5 45. Kd3 Bd6 46. Bf6 Be5 47. Bd8 c4+ 48. bxc4+ bxc4+ 49. Kd2 Kc6 50. Kc2 Kc5 51. Kd2 Bd6 52. Kc3 Kb5 53. Bf6 Bc7 54. Be7 Ba5+ 55. Kc2 Bb4 56. Bf6 Bd6 57. Kc3 Bc7 58. Bd4 Bb8 59. Bf6 Kc5 60. Be7+ Kd5 61. Bd8 Be5+ 62. Kd2 Ke6 63. Kc2 Bd4 64. Kd2 Kf5 65. Kc2 Bf6 66. Bb6 Ke6 67. Bc7 Be5 68. Bd8 Kd5 69. Kd2 Kc5 70. Kc2 Kb4 71. Be7+ Ka4 72. Bf8 1/2-1/2

[Event "Almaty Academy GM 12"]
[Site "Almaty"]
[Date "2022.12.10"]
[Round "5"]
[White "Sturua, Zurab"]
[Black "Askarov, Bakhtiyar"]
[Result "1/2-1/2"]
[WhiteElo "2528"]
[BlackElo "2345"]
[PlyCount "181"]
[EventDate "2022.12.07"]
[EventType "tourn"]
[EventRounds "9"]
[EventCountry "KAZ"]
[EventCategory "8"]
[SourceTitle "CBM 211 Extra"]
[Source "ChessBase"]
[SourceDate "2023.01.31"]
[SourceVersion "1"]
[SourceVersionDate "2023.01.31"]
[SourceQuality "1"]

1. Nf3 Nf6 2. d4 g6 3. g3 Bg7 4. Bg2 0-0 5. 0-0 d6 6. Re1 Nbd7 7. e4 e5 8. c4 exd4 9. Nxd4 Re8 10. Nc3 Nc5 11. h3 Bd7 12. Nb3 Na4 13. Nxa4 Bxa4 14. Qc2 Nd7 15. Be3 b6 16. Qd2 Ne5 17. Rac1 c5 18. f4 Nc6 19. Na1 Nd4 20. b3 Bc6 21. Bf2 a5 22. Nc2 Nxc2 23. Rxc2 Ra7 24. Qd3 Rae7 25. Rd1 Bxe4 26. Bxe4 Rxe4 27. Qd5 h5 28. Kg2 Bf8 29. Rcd2 h4 30. gxh4 Rxf4 31. Bg3 Rf5 32. Qc6 Re3 33. Re1 Rxe1 34. Bxe1 Be7 35. Re2 Re5 36. Re4 Bf6 37. Bg3 Rxe4 38. Qxe4 Qe7 39. Kf3 Be5 40. Bf2 Qd7 41. Qg4 Qb7+ 42. Qe4 Qc8 43. Qg4 Qa8+ 44. Qe4 Qe8 45. h5 gxh5 46. Qf5 Qc6+ 47. Ke2 b5 48. Qf3 Qe8 49. Qxh5 bxc4 50. bxc4 Bg7+ 51. Kf1 Qe4 52. Qg4 Qd3+ 53. Kg2 a4 54. Bg3 Qd2+ 55. Bf2 Qc2 56. h4 Qd3 57. Bg3 Qd2+ 58. Kh3 Qd3 59. Kh2 d5 60. cxd5 Qxd5 61. Qxa4 c4 62. Qe8+ Kh7 63. Qe2 Qd3 64. Qh5+ Kg8 65. Qg5 c3 66. Bf4 Qe2+ 67. Kg3 Qd3+ 68. Kf2 Kh7 69. Qh5+ Kg8 70. Qg5 c2 71. a4 Qd4+ 72. Kg2 Qe4+ 73. Kg3 Qe1+ 74. Kg2 Qe2+ 75. Kg3 Qe1+ 76. Kg2 Qe4+ 77. Kg3 f6 78. Qc5 Bf8 79. Qc8 Qxa4 80. Kf3 Qb3+ 81. Ke2 Qb5+ 82. Kd2 Qd5+ 83. Ke3 Qb3+ 84. Ke4 Qb4+ 85. Kf5 Qb5+ 86. Kxf6 Qb6+ 87. Kf5 Qb3 88. Qe6+ Qxe6+ 89. Kxe6 Kh7 90. Bc1 Bh6 91. Ba3 1/2-1/2

[Event "Almaty Academy GM 12"]
[Site "Almaty"]
[Date "2022.12.09"]
[Round "4"]
[White "Kurmangaliyeva, Liya"]
[Black "Sturua, Zurab"]
[Result "0-1"]
[WhiteElo "2287"]
[BlackElo "2528"]
[PlyCount "108"]
[EventDate "2022.12.07"]
[EventType "tourn"]
[EventRounds "9"]
[EventCountry "KAZ"]
[EventCategory "8"]
[SourceTitle "CBM 211 Extra"]
[Source "ChessBase"]
[SourceDate "2023.01.31"]
[SourceVersion "1"]
[SourceVersionDate "2023.01.31"]
[SourceQuality "1"]

1. e4 e5 2. Nf3 Nc6 3. d4 exd4 4. Nxd4 Bc5 5. Nb3 Bb6 6. Nc3 Nf6 7. Bg5 h6 8. Bh4 d6 9. Qe2 Nd4 10. Nxd4 Bxd4 11. Qd3 Be5 12. 0-0-0 c6 13. Ne2 Qb6 14. c3 g5 15. Bg3 Be6 16. Kb1 Qa5 17. c4 0-0-0 18. Qc2 Qc5 19. b3 Ng4 20. Nc1 Bxg3 21. Nd3 Qa5 22. hxg3 f5 23. exf5 Bxf5 24. Kb2 Rhf8 25. Rd2 d5 26. Qc3 Qxc3+ 27. Kxc3 dxc4 28. f3 Bxd3 29. Bxd3 Rxd3+ 30. Rxd3 Nf2 31. Rdd1 cxb3 32. axb3 Rf6 33. Rhe1 Nxd1+ 34. Rxd1 Re6 35. g4 Kc7 36. Rd2 Re3+ 37. Kc2 a5 38. Rf2 b5 39. Kb2 Kb6 40. g3 Kc7 41. Kc2 Kd6 42. Rf1 Ke6 43. Kb2 c5 44. Kc2 Kd5 45. Rd1+ Ke5 46. Rf1 Re2+ 47. Kd3 Rb2 48. f4+ Kf6 49. Rh1 Rxb3+ 50. Kc2 Rxg3 51. Rxh6+ Ke7 52. fxg5 Rxg4 53. Rb6 b4 54. g6 c4 0-1

[Event "Wch Seniors 50 30th"]
[Site "Assisi"]
[Date "2022.11.20"]
[Round "6"]
[White "Estremera Panos, Sergio"]
[Black "Sturua, Zurab"]
[Result "0-1"]
[WhiteElo "2259"]
[BlackElo "2522"]
[PlyCount "80"]
[EventDate "2022.11.15"]
[EventType "swiss"]
[EventRounds "11"]
[EventCountry "ITA"]
[SourceTitle "CBM 211 Extra"]
[Source "ChessBase"]
[SourceDate "2023.01.31"]
[SourceVersion "1"]
[SourceVersionDate "2023.01.31"]
[SourceQuality "1"]

1. d4 Nf6 2. c4 e6 3. Nc3 Bb4 4. e3 c5 5. Bd3 Nc6 6. Nf3 d5 7. cxd5 Nxd5 8. Bd2 cxd4 9. exd4 Nf6 10. 0-0 0-0 11. Be3 Be7 12. Rc1 b6 13. Ne4 Bb7 14. Nxf6+ Bxf6 15. Be4 Na5 16. Bxb7 Nxb7 17. Qa4 Nd6 18. Bf4 Nf5 19. Rfd1 Qd5 20. Be5 Rfd8 21. Bxf6 gxf6 22. h3 a5 23. Qc6 Rd6 24. Qxd5 Rxd5 25. Rc6 Rb5 26. Rd2 Rd8 27. g3 Kg7 28. Kg2 Rd7 29. Kf1 Ne7 30. Rc4 Rbd5 31. Ke2 Kf8 32. a4 b5 33. axb5 Rxb5 34. Rc5 Rdb7 35. Rxb5 Rxb5 36. Rc2 Ke8 37. Ne1 Nf5 38. Nf3 Kd7 39. Kd3 Rb3+ 40. Ke2 Rxf3 0-1

[Event "Wch Seniors 50 30th"]
[Site "Assisi"]
[Date "2022.11.16"]
[Round "2"]
[White "Paglietti, Nicola"]
[Black "Sturua, Zurab"]
[Result "0-1"]
[WhiteElo "2194"]
[BlackElo "2522"]
[PlyCount "60"]
[EventDate "2022.11.15"]
[EventType "swiss"]
[EventRounds "11"]
[EventCountry "ITA"]
[SourceTitle "CBM 211 Extra"]
[Source "ChessBase"]
[SourceDate "2023.01.31"]
[SourceVersion "1"]
[SourceVersionDate "2023.01.31"]
[SourceQuality "1"]

1. Nf3 d5 2. c4 d4 3. b4 c5 4. e3 dxe3 5. fxe3 cxb4 6. Bb2 Nf6 7. d4 g6 8. Bd3 Bg7 9. Qa4+ Nc6 10. d5 0-0 11. Qc2 Na5 12. 0-0 b5 13. Nbd2 bxc4 14. Nxc4 Ba6 15. Nxa5 Qxa5 16. e4 Rac8 17. Qd2 Bxd3 18. Qxd3 Qc5+ 19. Bd4 Qc2 20. Qxc2 Rxc2 21. Bxf6 Bxf6 22. e5 Bg7 23. Rad1 Rxa2 24. d6 exd6 25. exd6 Re2 26. Ng5 Bh6 27. Nf3 Rd8 28. Rfe1 Be3+ 29. Kh1 Rxe1+ 30. Nxe1 a5 0-1

[Event "Yerevan Margaryan Memorial-A"]
[Site "Yerevan"]
[Date "2022.01.14"]
[Round "6"]
[White "Lobanov, Sergei"]
[Black "Sturua, Zurab"]
[Result "1-0"]
[WhiteElo "2516"]
[BlackElo "2529"]
[PlyCount "139"]
[EventDate "2022.01.09"]
[EventType "tourn"]
[EventRounds "9"]
[EventCountry "ARM"]
[EventCategory "9"]
[SourceTitle "CBM 206 Extra"]
[Source "ChessBase"]
[SourceDate "2022.03.31"]
[SourceVersion "1"]
[SourceVersionDate "2022.03.31"]
[SourceQuality "1"]

1. e4 e5 2. Nf3 Nc6 3. Bb5 Nf6 4. d3 d6 5. c3 Be7 6. 0-0 0-0 7. Re1 Bd7 8. Nbd2 Re8 9. Nf1 Bf8 10. Ng3 h6 11. a3 a6 12. Bc4 b5 13. Ba2 Be6 14. Bxe6 Rxe6 15. a4 b4 16. d4 d5 17. dxe5 Nxe5 18. Nxe5 Rxe5 19. Bf4 Re6 20. e5 bxc3 21. bxc3 Ne4 22. Nxe4 dxe4 23. Rxe4 Qxd1+ 24. Rxd1 g5 25. Bc1 Rae8 26. f4 gxf4 27. Bxf4 Bg7 28. Rc4 R8e7 29. Rd5 Bxe5 30. Bxe5 Rxe5 31. Rxe5 Rxe5 32. Rxc7 Ra5 33. Rc4 Rf5 34. g4 Re5 35. Kf2 h5 36. gxh5 Rxh5 37. h4 Re5 38. Kf3 Kg7 39. Kf4 f6 40. Re4 Rc5 41. c4 f5 42. Rd4 Kf6 43. h5 a5 44. h6 Kg6 45. h7 Kxh7 46. Kg5 Kg7 47. Rf4 Re5 48. Rxf5 Re4 49. Rc5 Kf7 50. Kf5 Rh4 51. Rc7+ Ke8 52. Ke6 Kd8 53. Rc6 Rh1 54. Kd6 Rh5 55. Rb6 Kc8 56. Kc6 Rh1 57. Ra6 Rh6+ 58. Kb5 Rh5+ 59. c5 Kb7 60. Rg6 Rh4 61. Rg7+ Kb8 62. Kxa5 Rh1 63. Kb6 Rb1+ 64. Kc6 Ra1 65. a5 Rh1 66. Rb7+ Ka8 67. Rd7 Ra1 68. Kc7 Rh1 69. c6 Ka7 70. Kc8+ 1-0

[Event "Tbilisi Gaprindashvili Cup"]
[Site "Tbilisi"]
[Date "2021.09.15"]
[Round "6"]
[White "Pantsulaia, Levan"]
[Black "Sturua, Zurab"]
[Result "0-1"]
[WhiteElo "2551"]
[BlackElo "2463"]
[PlyCount "94"]
[EventDate "2021.09.13"]
[EventType "swiss"]
[EventRounds "8"]
[EventCountry "GEO"]
[SourceTitle "CBM 204 Extra"]
[Source "ChessBase"]
[SourceDate "2021.11.30"]
[SourceVersion "1"]
[SourceVersionDate "2021.11.30"]
[SourceQuality "1"]

1. Nf3 Nf6 2. g3 b6 3. Bg2 Bb7 4. 0-0 g6 5. c4 Bg7 6. d4 0-0 7. Bf4 Na6 8. Nbd2 e6 9. Re1 d5 10. Be5 c5 11. cxd5 exd5 12. Rc1 Re8 13. Qa4 Bf8 14. Bxf6 Qxf6 15. e3 Nb4 16. Ne5 Rxe5 17. dxe5 Qxe5 18. Rb1 Bc6 19. Qb3 Rc8 20. a3 c4 21. Qd1 Nd3 22. Nf3 Qd6 23. Re2 Bg7 24. Ne1 Nc5 25. Nf3 a5 26. Nd4 Ba4 27. Qd2 Nd3 28. Qc3 Bd7 29. Rd2 h5 30. h4 Nc5 31. Qc2 Ba4 32. Qc1 Bxd4 33. Rxd4 Nb3 34. Qc3 Nxd4 35. Qxd4 Rd8 36. Rc1 Bb3 37. Bf3 Qc5 38. Qf6 Rd6 39. Qe7 d4 40. exd4 Rxd4 41. Qe8+ Kg7 42. Re1 Qf5 43. Kg2 Rd2 44. Qe3 Rxb2 45. Qxb6 c3 46. Re3 c2 47. Qc7 Qf6 0-1

[Event "Tbilisi Chiburdanidze Cup"]
[Site "Tbilisi"]
[Date "2021.09.11"]
[Round "7"]
[White "Paichadze, Luka"]
[Black "Sturua, Zurab"]
[Result "1/2-1/2"]
[WhiteElo "2553"]
[BlackElo "2529"]
[PlyCount "42"]
[EventDate "2021.09.08"]
[EventType "swiss (rapid)"]
[EventRounds "8"]
[EventCountry "GEO"]
[SourceTitle "CBM 204 Extra"]
[Source "ChessBase"]
[SourceDate "2021.11.30"]
[SourceVersion "1"]
[SourceVersionDate "2021.11.30"]
[SourceQuality "1"]

1. e4 e5 2. Nf3 Nc6 3. d4 exd4 4. Nxd4 Bc5 5. Nb3 Bb4+ 6. c3 Be7 7. f4 d6 8. Bd3 Nh6 9. 0-0 0-0 10. N1d2 d5 11. e5 Bf5 12. Nf3 Qd7 13. Be3 Rad8 14. h3 f6 15. Qc2 fxe5 16. fxe5 Bxd3 17. Qxd3 Rxf3 18. gxf3 Qxh3 19. Bf4 Bg5 20. Bxg5 Qg3+ 21. Kh1 Qh3+ 1/2-1/2

[Event "Tbilisi Chiburdanidze Cup"]
[Site "Tbilisi"]
[Date "2021.09.10"]
[Round "6"]
[White "Sturua, Zurab"]
[Black "Fier, Alexandr"]
[Result "1-0"]
[WhiteElo "2529"]
[BlackElo "2564"]
[PlyCount "181"]
[EventDate "2021.09.08"]
[EventType "swiss (rapid)"]
[EventRounds "8"]
[EventCountry "GEO"]
[SourceTitle "CBM 204 Extra"]
[Source "ChessBase"]
[SourceDate "2021.11.30"]
[SourceVersion "1"]
[SourceVersionDate "2021.11.30"]
[SourceQuality "1"]

1. c4 c6 2. Nf3 d5 3. e3 Nf6 4. Nc3 e6 5. b3 Bd6 6. d4 0-0 7. Bb2 Nbd7 8. Be2 b6 9. 0-0 Bb7 10. Qc2 Qe7 11. Rad1 Rfe8 12. e4 Nxe4 13. Nxe4 dxe4 14. Qxe4 Nf6 15. Qe3 c5 16. h3 Rad8 17. Ne5 Ne4 18. Bf3 f5 19. Bxe4 Bxe4 20. dxc5 Bxc5 21. Qg3 Rf8 22. Rfe1 Rxd1 23. Rxd1 Rd8 24. Rxd8+ Qxd8 25. Nf3 Bf8 26. Ng5 Qd2 27. Be5 Qd7 28. Qh4 h6 29. Nxe4 fxe4 30. Qxe4 Qd2 31. Bg3 Qd7 32. Qa8 Kf7 33. Bb8 Qd1+ 34. Kh2 Bd6+ 35. Bxd6 Qxd6+ 36. g3 a5 37. Qb7+ Kf6 38. Kg2 Qd4 39. h4 Qc5 40. Qf3+ Ke7 41. h5 Qd4 42. Qc6 Kf6 43. Qe8 Qe4+ 44. Kh2 Qd4 45. Kh3 Ke5 46. Qf7 Kd6 47. a3 Qb2 48. Kg2 Qxb3 49. Qxg7 Qxc4 50. Qxh6 Qe4+ 51. Kh2 Qf3 52. Qf4+ Qxf4 53. gxf4 Ke7 54. a4 Kf7 55. Kg3 b5 56. axb5 a4 57. b6 a3 58. b7 a2 59. b8Q a1Q 60. Qc7+ Kg8 61. Qd8+ Kf7 62. Qc7+ Kg8 63. Qe5 Qg1+ 64. Kh4 Kf7 65. Qc7+ Kf6 66. Qe5+ Kf7 67. Qe3 Qh1+ 68. Kg5 Qg1+ 69. Qg3 Qa1 70. h6 Qb1 71. Kh4 Qh1+ 72. Kg5 Qb1 73. Kh5 Qh1+ 74. Qh4 Qd5+ 75. Qg5 Qh1+ 76. Qh4 Qd5+ 77. Kg4 Qg2+ 78. Qg3 Qd5 79. Kh4 Qh1+ 80. Qh3 Qg1 81. Qf3 Qh2+ 82. Kg5 Qg1+ 83. Qg4 Qxf2 84. Qh5+ Kf8 85. h7 Qg2+ 86. Qg4 Qd5+ 87. Kh6 Qh1+ 88. Kg6 Qa1 89. Kh6 Qh1+ 90. Qh5 Qa1 91. Qg5 1-0

[Event "Tbilisi Chiburdanidze Cup"]
[Site "Tbilisi"]
[Date "2021.09.08"]
[Round "1"]
[White "Pantsulaia, Levan"]
[Black "Sturua, Zurab"]
[Result "1-0"]
[WhiteElo "2558"]
[BlackElo "2529"]
[PlyCount "91"]
[EventDate "2021.09.08"]
[EventType "swiss (rapid)"]
[EventRounds "8"]
[EventCountry "GEO"]
[SourceTitle "CBM 204 Extra"]
[Source "ChessBase"]
[SourceDate "2021.11.30"]
[SourceVersion "1"]
[SourceVersionDate "2021.11.30"]
[SourceQuality "1"]

1. c4 Nf6 2. g3 e5 3. Bg2 c6 4. Nf3 e4 5. Nd4 d5 6. cxd5 Qxd5 7. Nc2 Qh5 8. h3 Qg6 9. Nc3 Bd6 10. b3 0-0 11. Ba3 Rd8 12. Bxd6 Rxd6 13. Qc1 Na6 14. Qa3 c5 15. 0-0-0 Rb8 16. Nb5 Rd8 17. g4 Bd7 18. Nc3 Bc6 19. Ne3 Re8 20. d4 Qg5 21. dxc5 Nxc5 22. Kb1 Qe5 23. Nc4 Qxc3 24. Qxc5 Nd7 25. Qxa7 Qf6 26. Qd4 Qg5 27. Nd6 Re6 28. Nf5 h6 29. e3 Re5 30. Nd6 Qe7 31. Nc4 Rg5 32. Qd6 Qe8 33. Rd4 Nf6 34. Rhd1 h5 35. Qf4 Rd5 36. g5 Rxd4 37. Rxd4 Nd5 38. Qe5 Qf8 39. Rxd5 Re8 40. Qd4 Bxd5 41. Qxd5 Qb4 42. Bxe4 Qe1+ 43. Kb2 Qxf2+ 44. Bc2 g6 45. a4 Re6 46. Qxb7 1-0